Spellings of Muhammad - Statistics

General Stats
  • This quiz has been taken 106 times
  • The average score is 6 of 8
Answer Stats
Spelling % Correct
Muhammad
95%
Mohammed
91%
Muhammed
82%
Mohamed
81%
Mohammad
78%
Muhamed
69%
Mohamad
66%
Muhamad
66%
No matching quizzes found
Score Distribution
Percent of People with Each Score
Percentile by Number Answered
Your Score History
You have not taken this quiz